| 000 | 00789cam a22002771 4500 | ||
|---|---|---|---|
| 001 | sa 68005449 | ||
| 003 | DLC | ||
| 005 | 20260227112509.0 | ||
| 008 | 710915r1967 ii 000 0 eng | ||
| 010 | _asa 68005449 | ||
| 025 | _aPL480:I-E-9889 | ||
| 040 |
_aDLC _cDLC _dDLC |
||
| 043 | _aa-ii--- | ||
| 050 | 0 | 0 |
_aDS423 _b.S469 1967 |
| 082 | 0 | 0 | _a915.4/03 |
| 100 | 1 |
_aSharma, S. R. _q(Shripad Rama), _d1879- |
|
| 240 | 1 | 0 | _aIndia as I see her |
| 245 | 1 | 4 |
_aThe soul of Indian history, _cby S. R. Sharma. |
| 250 | _a[1st ed.] | ||
| 260 |
_aBombay, _bBharatiya Vidya Bhavan, _c1967. |
||
| 300 |
_aix, 241 p. _c19 cm. |
||
| 350 | _aRs2.50 | ||
| 490 | 0 | _aBhavan's book university, 148 | |
| 500 | _aFirst ed., 1956, has title: India as I see her. | ||
| 651 | 0 |
_aIndia _xCivilization. |
|
| 999 |
_c80754 _d80754 |
||